Statistiken für Zusammengefügte Länder

Klicken Sie hier um das Quiz zu spielen!

Allgemein

  • Dieses Quiz wurde 9.375 mal gespielt
  • Das Durchschnittsergebnis liegt bei 13 aus 20

Antworten auf der Karte

Die Antworten werden auf der Karte rot bzw. grün angezeigt, abhängig davon wie oft sie richtig erraten wurden.
 

Antwortstatistiken

Länder% Korrekt
Pakistan
78%
Russland
76%
Afghanistan
75%
Argentinien
70%
Paraguay
70%
Tschechien
70%
Mongolei
69%
Slowakei
68%
Mali
67%
Mauretanien
64%
Somalia
62%
Vietnam
62%
Kambodscha
60%
Guyana
59%
Kenia
59%
Suriname
59%
Republik Kongo
58%
Gabun
49%
Slowenien
42%
Kroatien
41%

Verteilung der Resultate

Perzentil nach korrekt beantworteten Fragen

Anzahl Personen mit jedem Resultat

Ihre Resultats-Entwicklung

Sie haben dieses Quiz noch nicht gespielt